[Event "COMMONWEALTH CHESS CHAMPIONSHI"]
[Site "Nagpur,India"]
[Date "2008.10.03"]
[Round "8.49"]
[White "Mehar, Chinna Reddy C H"]
[Black "Raghavi, N."]
[Result "1-0"]
[WhiteElo "2239"]
[BlackElo "2064"]
[PlyCount "99"]
[EventDate "2008.09.28"]

1. e4 c5 2. Nf3 Nc6 3. d4 cxd4 4. Nxd4 Nf6 5. Nc3 e5 6. Ndb5 d6 7. Bg5 a6 8.
Na3 b5 9. Bxf6 gxf6 10. Nd5 Bg7 11. Bd3 Ne7 12. Nxe7 Qxe7 13. c3 f5 14. O-O O-O
15. Nc2 Bb7 16. Re1 Rad8 17. exf5 d5 18. Qh5 e4 19. Re3 Rd6 20. Bf1 Rh6 21. Qg4
Rh4 22. Qd1 Qe5 23. g3 Rh6 24. Nd4 b4 25. f4 Qc7 26. Kh1 Qc5 27. g4 bxc3 28.
bxc3 Qe7 29. Ne2 Qc5 30. Nd4 Qc7 31. g5 Rh4 32. f6 Qxf4 33. Rh3 Bxf6 34. Rxh4
Qxh4 35. gxf6 Bc8 36. Bg2 Qxf6 37. Qh5 Be6 38. Rf1 Qg6 39. Qxg6+ hxg6 40. Nxe6
fxe6 41. Rxf8+ Kxf8 42. Kg1 Ke7 43. Kf2 Kf6 44. Ke3 Ke5 45. h4 a5 46. Bh3 Kd6
47. Kd4 e5+ 48. Ke3 Kc5 49. Bf1 Kd6 50. c4 1-0

[Event "COMMONWEALTH CHESS CHAMPIONSHI"]
[Site "Nagpur,India"]
[Date "2008.10.03"]
[Round "8.50"]
[White "Peiris, T G M."]
[Black "Ramnath, Bhuvanesh"]
[Result "0-1"]
[WhiteElo "2091"]
[BlackElo "2239"]
[PlyCount "88"]
[EventDate "2008.09.28"]

1. d4 Nf6 2. Nf3 g6 3. Nc3 d5 4. g3 Bg7 5. Bg2 O-O 6. O-O c6 7. Ne5 Nbd7 8.
Nxd7 Bxd7 9. e4 dxe4 10. Be3 Bf5 11. Qd2 Qd7 12. Rfe1 Rad8 13. Rad1 Bg4 14. Ne2
Bf3 15. Bh6 Qg4 16. Bxg7 Kxg7 17. h3 Qf5 18. c4 h5 19. Qe3 h4 20. Bxf3 exf3 21.
Nf4 g5 22. Qe5 Qxe5 23. dxe5 gxf4 24. exf6+ Kxf6 25. gxf4 e6 26. c5 Rg8+ 27.
Kf1 Kf5 28. Rc1 Rd2 29. Rc3 Rxb2 30. Rxf3 Rd8 31. Re5+ Kf6 32. Rh5 Rb1+ 33. Kg2
Rd5 34. Rxh4 Rxc5 35. Rh8 Ra5 36. a3 Ra1 37. Rb8 b6 38. f5 Rxf5 39. Rxf5+ exf5
40. Rc8 c5 41. Rc6+ Kg7 42. f3 f4 43. h4 Rxa3 44. h5 Rd3 0-1

[Event "COMMONWEALTH CHESS CHAMPIONSHI"]
[Site "Nagpur,India"]
[Date "2008.10.03"]
[Round "8.51"]
[White "Prasanna, Rao"]
[Black "Hardik Mehta"]
[Result "1-0"]
[WhiteElo "2233"]
[BlackElo "2037"]
[PlyCount "74"]
[EventDate "2008.09.28"]

1. e4 c5 2. Nf3 Nc6 3. d4 cxd4 4. Nxd4 Nf6 5. Nc3 e5 6. Ndb5 d6 7. Bg5 a6 8.
Na3 b5 9. Nd5 Be7 10. Bxf6 Bxf6 11. c3 O-O 12. Nc2 Bg5 13. a4 bxa4 14. Rxa4 a5
15. Bc4 Rb8 16. b3 Kh8 17. Nce3 g6 18. h4 Bxh4 19. g3 Bg5 20. f4 exf4 21. gxf4
Bh4+ 22. Kd2 f5 23. Qg1 fxe4 24. Qh2 g5 25. Kc1 h6 26. Ra2 Rb7 27. Rg2 Rh7 28.
Kb1 a4 29. b4 Ne7 30. Qg1 Ng6 31. Ng4 Nxf4 32. Nxf4 Rxf4 33. Rxh4 e3 34. Nxe3
Rxh4 35. Rxg5 Bg4 36. Rxg4 Rxg4 37. Nxg4 d5 1-0

[Event "COMMONWEALTH CHESS CHAMPIONSHI"]
[Site "Nagpur,India"]
[Date "2008.10.03"]
[Round "8.52"]
[White "Suraj, M."]
[Black "Chatterjee, Debaraj"]
[Result "1/2-1/2"]
[WhiteElo "2058"]
[BlackElo "2231"]
[PlyCount "65"]
[EventDate "2008.09.28"]

1. e4 c5 2. c3 d5 3. exd5 Qxd5 4. d4 Nf6 5. Nf3 Bg4 6. Be2 e6 7. h3 Bh5 8. O-O
cxd4 9. cxd4 Nc6 10. Nc3 Qd6 11. Be3 Be7 12. Nb5 Qb8 13. Ne5 Bxe2 14. Qxe2 Nd5
15. Nc3 Nxc3 16. bxc3 Nxe5 17. Bf4 O-O 18. Bxe5 Bd6 19. Rfd1 f6 20. Bxd6 Qxd6
21. Re1 Rfe8 22. Qb5 b6 23. Re3 Qd5 24. Qb3 Rac8 25. Rae1 Rc4 26. Qa3 a5 27.
Rb1 Qc6 28. Qb3 Rb8 29. Rbe1 a4 30. Qb2 Re8 31. Rb1 Rb8 32. Rbe1 Re8 33. Rb1
1/2-1/2

[Event "COMMONWEALTH CHESS CHAMPIONSHI"]
[Site "Nagpur,India"]
[Date "2008.10.03"]
[Round "8.53"]
[White "Narayanan, Srinath"]
[Black "De Silva, Osheen"]
[Result "1/2-1/2"]
[WhiteElo "2220"]
[BlackElo "2022"]
[PlyCount "80"]
[EventDate "2008.09.28"]

1. e4 c5 2. Nf3 d6 3. d4 cxd4 4. Nxd4 Nf6 5. Nc3 a6 6. Bc4 e6 7. Bb3 Be7 8. g4
h6 9. Be3 Nc6 10. Rg1 Qc7 11. h4 Nxd4 12. Bxd4 e5 13. Be3 Be6 14. g5 hxg5 15.
hxg5 Nd7 16. g6 Bxb3 17. axb3 Nf6 18. gxf7+ Kxf7 19. Qf3 Rag8 20. O-O-O Ke8 21.
Qg3 Qd7 22. f4 Qh3 23. Qg6+ Kf8 24. Rge1 Qg4 25. f5 Qxg6 26. fxg6 Rh2 27. Bg5
Rg2 28. Rg1 Rxg1 29. Rxg1 Rh8 30. Bxf6 Bxf6 31. Kd2 Rh5 32. Kd3 Rh3+ 33. Kc4
Rh2 34. Kd3 Rh3+ 35. Kd2 Rh2+ 36. Ne2 Ke7 37. c4 Bh4 38. Kd3 Rh3+ 39. Kc2 Rh2
40. Kd3 Rh3+ 1/2-1/2

[Event "COMMONWEALTH CHESS CHAMPIONSHI"]
[Site "Nagpur,India"]
[Date "2008.10.03"]
[Round "8.54"]
[White "Eswar, R."]
[Black "Annurudha, G C."]
[Result "0-1"]
[WhiteElo "2021"]
[BlackElo "2218"]
[PlyCount "102"]
[EventDate "2008.09.28"]

1. d4 Nf6 2. Nf3 g6 3. Nbd2 Bg7 4. e4 d6 5. Bc4 O-O 6. e5 dxe5 7. dxe5 Nd5 8.
O-O c6 9. Re1 Qc7 10. Bxd5 cxd5 11. h3 Nc6 12. Nf1 Rd8 13. Bf4 Qb6 14. Rb1 h6
15. Ng3 Be6 16. Qd2 Kh7 17. h4 d4 18. h5 Rg8 19. hxg6+ fxg6 20. Ne4 Bd5 21.
Nfg5+ Kh8 22. e6 Rgf8 23. Nf7+ Rxf7 24. exf7 Kh7 25. Qd3 Bxf7 26. Qh3 Nd8 27.
Ng5+ Kg8 28. Nf3 g5 29. Be5 Ne6 30. Bxg7 Kxg7 31. Ne5 Nf4 32. Qd7 Qd6 33. Qxb7
Bd5 34. Qd7 Nxg2 35. Re2 Nf4 36. Ree1 Qxd7 37. Nxd7 e6 38. Nc5 Rf8 39. Nd3 Nh3+
40. Kf1 g4 41. Re2 g3 42. f4 h5 43. b4 h4 44. a4 Nxf4 45. Nxf4 Rxf4+ 46. Kg1 h3
47. b5 Rh4 48. Rh2 gxh2+ 49. Kxh2 d3 50. cxd3 Rxa4 51. Kxh3 Ra3 0-1

[Event "COMMONWEALTH CHESS CHAMPIONSHI"]
[Site "Nagpur,India"]
[Date "2008.10.03"]
[Round "8.55"]
[White "Russell, M K A."]
[Black "Rishi, Thariani"]
[Result "1/2-1/2"]
[WhiteElo "2213"]
[BlackElo "2021"]
[PlyCount "67"]
[EventDate "2008.09.28"]

1. d4 d5 2. c4 e6 3. Nc3 c6 4. cxd5 exd5 5. Qc2 g6 6. Bf4 Bf5 7. Qd2 Bd6 8.
Bxd6 Qxd6 9. e3 Nd7 10. Nge2 Nb6 11. Ng3 Be6 12. Bd3 f5 13. h4 Nf6 14. h5 O-O-O
15. Qc2 Ne4 16. Nge2 Bf7 17. a3 Rde8 18. a4 a5 19. Na2 Re7 20. hxg6 Bxg6 21.
Rb1 f4 22. Nxf4 Rf8 23. Nxg6 Qxg6 24. Bxe4 Rxe4 25. Kf1 Rxe3 26. Qxg6 hxg6 27.
Nc3 Nc4 28. Kg1 Rd3 29. Rh7 Rxd4 30. Re1 Nxb2 31. Ree7 Rb4 32. Rc7+ Kb8 33. Nb5
cxb5 34. Rxb7+ 1/2-1/2

[Event "COMMONWEALTH CHESS CHAMPIONSHI"]
[Site "Nagpur,India"]
[Date "2008.10.03"]
[Round "8.57"]
[White "Vinoth, Kumar"]
[Black "Devesh, Mukherjee"]
[Result "1-0"]
[WhiteElo "2202"]
[BlackElo "2004"]
[PlyCount "55"]
[EventDate "2008.09.28"]

1. e4 d6 2. d3 g6 3. g3 Bg7 4. Bg2 c5 5. Nh3 e6 6. O-O Ne7 7. c3 Nbc6 8. f4 O-O
9. Kh1 Rb8 10. g4 f5 11. gxf5 exf5 12. Nd2 b5 13. a3 a5 14. Nf3 b4 15. axb4
axb4 16. Bd2 bxc3 17. Bxc3 Nd4 18. Nxd4 cxd4 19. Ba5 Qd7 20. Qb1 Qb5 21. Bc7
Rb7 22. Bxd6 fxe4 23. dxe4 d3 24. Rd1 Rd8 25. Qa2+ Kh8 26. Ng5 Nc6 27. Nf7+
Rxf7 28. Qxf7 1-0

[Event "COMMONWEALTH CHESS CHAMPIONSHI"]
[Site "Nagpur,India"]
[Date "2008.10.03"]
[Round "8.59"]
[White "Ankit, R  Rajpara"]
[Black "Sathya, Priya S V"]
[Result "1-0"]
[WhiteElo "2194"]
[BlackElo "1882"]
[PlyCount "97"]
[EventDate "2008.09.28"]

1. e4 c5 2. c3 d5 3. exd5 Qxd5 4. d4 Nf6 5. Nf3 Bg4 6. Be2 e6 7. h3 Bh5 8. O-O
Nc6 9. Be3 cxd4 10. cxd4 Be7 11. Nc3 Qd6 12. Qb3 O-O 13. a3 Rfd8 14. Rfd1 Rac8
15. Rac1 Nd5 16. Nxd5 Qxd5 17. Qxd5 Rxd5 18. g4 Bg6 19. Ne5 Bf6 20. Bf3 Rd6 21.
Nxc6 bxc6 22. g5 Be7 23. Bf4 Rdd8 24. Bxc6 Bh5 25. Rd3 Be2 26. Rd2 Bf3 27. Rdc2
Rxd4 28. Bxf3 Rxc2 29. Rxc2 Rxf4 30. Rc8+ Bf8 31. Bg4 g6 32. b4 a5 33. b5 Rd4
34. Kf1 Rd5 35. a4 Rd4 36. Bf3 Rb4 37. Ra8 Kg7 38. Rxa5 Bc5 39. Ra6 Rb2 40. Bc6
Rxf2+ 41. Ke1 Rb2 42. Kd1 Be3 43. a5 Bxg5 44. b6 Bf4 45. b7 h5 46. Ra8 Ra2 47.
a6 Bd6 48. a7 Rb2 49. Rc8 1-0

[Event "COMMONWEALTH CHESS CHAMPIONSHI"]
[Site "Nagpur,India"]
[Date "2008.10.03"]
[Round "8.60"]
[White "Anwesh, Upadhyaya"]
[Black "Santhosbaala, R S."]
[Result "1-0"]
[WhiteElo "2189"]
[BlackElo "1915"]
[PlyCount "61"]
[EventDate "2008.09.28"]

1. d4 Nf6 2. c4 g6 3. Nc3 Bg7 4. e4 d6 5. f3 O-O 6. Bg5 c5 7. d5 Nbd7 8. Nh3 a6
9. Nf2 Rb8 10. Qd2 Qc7 11. Be2 Re8 12. O-O Nf8 13. Rac1 Bd7 14. a4 Qa5 15. f4
h6 16. Bh4 b5 17. axb5 axb5 18. cxb5 Bxb5 19. Bxb5 Rxb5 20. e5 dxe5 21. fxe5
N6d7 22. Ng4 Rb4 23. e6 fxe6 24. dxe6 Rxg4 25. exd7 Rb8 26. Qd5+ Kh8 27. Bxe7
Nxd7 28. Qxd7 Rd4 29. Qh3 Rxb2 30. Ne4 c4 31. Ng5 {Black Resigns} 1-0

[Event "COMMONWEALTH CHESS CHAMPIONSHI"]
[Site "Nagpur,India"]
[Date "2008.10.03"]
[Round "8.61"]
[White "Gagare, Shardul"]
[Black "Vishnu, Prasanna"]
[Result "1/2-1/2"]
[WhiteElo "2070"]
[BlackElo "2341"]
[PlyCount "75"]
[EventDate "2008.09.28"]

1. c4 Nf6 2. g3 e6 3. Bg2 d5 4. d4 dxc4 5. Qa4+ c6 6. Qxc4 b5 7. Qc2 Bb7 8. Nf3
Nbd7 9. Nc3 c5 10. dxc5 Bxc5 11. O-O Rc8 12. a3 O-O 13. Qb3 a6 14. Bg5 Qb6 15.
Bxf6 Nxf6 16. Ne1 Ng4 17. Nd3 Bxg2 18. Kxg2 Bd4 19. Rac1 Rfd8 20. h3 Qb7+ 21.
Kg1 Nf6 22. Rfd1 Qa7 23. Kg2 h5 24. e3 Qb7+ 25. Kh2 Ba7 26. Rd2 h4 27. Re1 Qf3
28. Qd1 hxg3+ 29. fxg3 Qf5 30. e4 Qg5 31. e5 Nd5 32. Ne4 Qh6 33. Nf4 Bb6 34.
Nxd5 Rxd5 35. Rxd5 exd5 36. Nd6 Rc7 37. Rf1 Qg6 38. Qxd5 1/2-1/2

[Event "COMMONWEALTH CHESS CHAMPIONSHI"]
[Site "Nagpur,India"]
[Date "2008.10.03"]
[Round "8.62"]
[White "Anuprita, Patil"]
[Black "Minhazuddin, Ahmed"]
[Result "0-1"]
[WhiteElo "2068"]
[BlackElo "2339"]
[PlyCount "115"]
[EventDate "2008.09.28"]

1. e4 e5 2. Nf3 Nf6 3. Nxe5 d6 4. Nf3 Nxe4 5. d4 d5 6. Bd3 Nc6 7. O-O Bg4 8. c4
Nb4 9. Be2 Be7 10. Nc3 O-O 11. a3 Nxc3 12. bxc3 Nc6 13. cxd5 Qxd5 14. Bf4 Qd8
15. Re1 Na5 16. Bd3 Bf6 17. Qa4 c5 18. Ne5 Be6 19. Rab1 Rc8 20. Red1 cxd4 21.
cxd4 b6 22. Ba6 Rc7 23. Nf3 Rd7 24. Bb5 Rd5 25. h3 g5 26. Be5 g4 27. hxg4 Bxg4
28. Be2 Be7 29. Qc2 f6 30. Qe4 Qd7 31. Bd3 Bxa3 32. Bg3 f5 33. Qf4 Bd6 34. Qg5+
Qg7 35. Bxd6 Qxg5 36. Nxg5 Rxd6 37. f3 Bh5 38. g4 fxg4 39. Bxh7+ Kg7 40. fxg4
Bxg4 41. Rf1 Rxd4 42. Rxf8 Kxf8 43. Rf1+ Ke8 44. Bg6+ Kd8 45. Bh5 Kc8 46. Rf8+
Kb7 47. Rf7+ Ka6 48. Bg6 Bc8 49. Bh5 Bg4 50. Bg6 Bd7 51. Rf2 Bc6 52. Bf5 Rd5
53. Bc8+ Kb5 54. Kf1 Nc4 55. Ne6 Rd1+ 56. Ke2 Rd2+ 57. Ke1 Rxf2 58. Kxf2 0-1

[Event "COMMONWEALTH CHESS CHAMPIONSHI"]
[Site "Nagpur,India"]
[Date "2008.10.03"]
[Round "8.63"]
[White "Koshy, Varugeese"]
[Black "Mohana, Priya J"]
[Result "0-1"]
[WhiteElo "2283"]
[BlackElo "2048"]
[PlyCount "58"]
[EventDate "2008.09.28"]

1. c4 e5 2. g3 Nf6 3. Bg2 d5 4. cxd5 Nxd5 5. Nc3 Nb6 6. Nf3 Nc6 7. a3 Be7 8.
O-O Be6 9. d3 f6 10. b4 O-O 11. Bb2 a5 12. b5 Nd4 13. Nxd4 exd4 14. Na4 Rb8 15.
Rc1 Re8 16. Nxb6 cxb6 17. e4 Bc5 18. Bf3 Qd7 19. Qa4 Qf7 20. Bd1 Rbd8 21. Rb1
Ba2 22. Ra1 Be6 23. Bc1 Kh8 24. Rb1 Bh3 25. f4 Rxe4 26. dxe4 d3+ 27. Rf2 Bxf2+
28. Kxf2 Qa2+ 29. Rb2 d2 0-1

[Event "COMMONWEALTH CHESS CHAMPIONSHI"]
[Site "Nagpur,India"]
[Date "2008.10.03"]
[Round "8.64"]
[White "Niji, A."]
[Black "Nadig, Kruttika"]
[Result "0-1"]
[WhiteElo "2015"]
[BlackElo "2240"]
[PlyCount "52"]
[EventDate "2008.09.28"]

1. e4 e5 2. Nf3 Nc6 3. Bc4 Bc5 4. d3 Nf6 5. Nc3 h6 6. O-O O-O 7. Be3 Bb6 8. Qd2
d6 9. h3 Re8 10. Bb3 Be6 11. Rfe1 Ba5 12. Qe2 d5 13. exd5 Nxd5 14. Bd2 Nf6 15.
Ne4 Bb6 16. Ba4 Bd7 17. Bc3 Bd4 18. Bb3 Bxc3 19. bxc3 Qe7 20. Rad1 Nxe4 21.
dxe4 Rad8 22. Qb5 Nd4 23. Qd3 Nxb3 24. cxb3 Bxh3 25. Qb5 Bc8 26. Rxd8 Qxd8 0-1

[Event "COMMONWEALTH CHESS CHAMPIONSHI"]
[Site "Nagpur,India"]
[Date "2008.10.03"]
[Round "8.65"]
[White "Nirmal, E P."]
[Black "Ghosh, Diptayan"]
[Result "1/2-1/2"]
[WhiteElo "2211"]
[BlackElo "2028"]
[PlyCount "58"]
[EventDate "2008.09.28"]

1. e4 e5 2. Nf3 Nc6 3. d4 exd4 4. Nxd4 Bc5 5. Be3 Qf6 6. c3 Nge7 7. Bc4 b6 8.
O-O Bb7 9. f3 O-O-O 10. b4 Bxd4 11. cxd4 d5 12. e5 Qe6 13. Be2 Nf5 14. Bf2 g5
15. Nc3 f6 16. g4 Nfe7 17. exf6 Qxf6 18. Qd2 Ng6 19. Bd3 Nxd4 20. Bxd4 Qxd4+
21. Rf2 Nh4 22. Kh1 Qf6 23. Rc1 Kb8 24. Qc2 c6 25. Ne2 h5 26. Ng3 hxg4 27. fxg4
Qg7 28. Rcf1 Rdf8 29. Bf5 Qc7 1/2-1/2

[Event "COMMONWEALTH CHESS CHAMPIONSHI"]
[Site "Nagpur,India"]
[Date "2008.10.03"]
[Round "8.66"]
[White "Yashas, D."]
[Black "Priya, P."]
[Result "0-1"]
[WhiteElo "1992"]
[BlackElo "2190"]
[PlyCount "124"]
[EventDate "2008.09.28"]

1. e4 e5 2. Nf3 Nf6 3. Nxe5 d6 4. Nf3 Nxe4 5. Nc3 Nxc3 6. dxc3 Be7 7. Be3 Nd7
8. Qd2 O-O 9. O-O-O Re8 10. h4 Nc5 11. Bc4 Be6 12. Bxe6 Nxe6 13. Qd3 Qd7 14.
Ng5 Nf8 15. Qd5 Bxg5 16. hxg5 Qe6 17. Qa5 b6 18. Qa6 d5 19. Kb1 c5 20. Rhe1
Rad8 21. Qf1 Qf5 22. f4 Re4 23. Qg1 Qg4 24. Qf2 Rde8 25. Bd2 Rxe1 26. Rxe1
Rxe1+ 27. Qxe1 Qxg2 28. f5 Qe4 29. Qf2 Nd7 30. b3 f6 31. gxf6 Nxf6 32. Qg3 Qe7
33. Qb8+ Kf7 34. Bg5 Qd7 35. Qe5 Ne4 36. Bf4 Nf6 37. Bg5 Ne8 38. Bf4 h6 39. Bg3
Kg8 40. Bh4 Qf7 41. Qb8 Kh7 42. Qe5 Nf6 43. Bxf6 Qxf6 44. Qxd5 Qxc3 45. Qf7 Qf6
46. Qh5 b5 47. a4 bxa4 48. bxa4 c4 49. Ka2 Qb6 50. Qf3 Qa6 51. Ka3 Qd6+ 52. Ka2
Qe5 53. Qg4 c3 54. Qg6+ Kg8 55. Kb3 a5 56. Kc4 Qf6 57. Qe8+ Qf8 58. Qe4 Qb4+
59. Kd3 Qxe4+ 60. Kxe4 Kf7 61. Kd3 h5 62. Kxc3 h4 0-1

[Event "COMMONWEALTH CHESS CHAMPIONSHI"]
[Site "Nagpur,India"]
[Date "2008.10.03"]
[Round "8.67"]
[White "Gurpreet, Singh Maras"]
[Black "Ghate, V N."]
[Result "1-0"]
[WhiteElo "2187"]
[BlackElo "1972"]
[PlyCount "75"]
[EventDate "2008.09.28"]

1. e4 c5 2. Nc3 Nc6 3. g3 g6 4. Bg2 Bg7 5. d3 e6 6. Be3 d6 7. Qd2 Rb8 8. Nge2
b5 9. Nd1 Nge7 10. Bh6 Bf6 11. c3 e5 12. O-O Ng8 13. Be3 h5 14. h4 Bg7 15. f4
Nh6 16. f5 Ng4 17. fxg6 fxg6 18. Bg5 Ne7 19. Ne3 Nxe3 20. Qxe3 Be6 21. d4 cxd4
22. cxd4 Bc4 23. d5 Qb6 24. Qxb6 Rxb6 25. Rf2 Rf8 26. b3 Bxe2 27. Rxe2 Rb7 28.
Rc1 Bf6 29. Bh6 Rh8 30. Be3 Kf7 31. Rec2 Rhb8 32. Rc7 a6 33. Bh3 Ke8 34. Kf2
Kd8 35. R7c2 a5 36. Ke2 b4 37. Rf1 Ng8 38. Be6 1-0

[Event "COMMONWEALTH CHESS CHAMPIONSHI"]
[Site "Nagpur,India"]
[Date "2008.10.03"]
[Round "8.69"]
[White "Shiven, Khosla"]
[Black "Pratyusha, Bodda"]
[Result "1-0"]
[WhiteElo "2141"]
[BlackElo "1933"]
[PlyCount "89"]
[EventDate "2008.09.28"]

1. e4 c5 2. Nf3 Nc6 3. d4 cxd4 4. Nxd4 Nf6 5. Nc3 d6 6. Bc4 Qb6 7. Nxc6 bxc6 8.
O-O g6 9. Qe1 Nd7 10. Na4 Qc7 11. Qc3 Rg8 12. Bf4 Bg7 13. Qf3 Rf8 14. Rad1 Ne5
15. Bxe5 Bxe5 16. Qe3 Qa5 17. b3 g5 18. Kh1 h6 19. f3 Rg8 20. g3 Ba6 21. Bxa6
Qxa6 22. f4 gxf4 23. gxf4 Bh8 24. c4 c5 25. Rg1 Rf8 26. Qh3 Qc6 27. Rge1 Bd4
28. Nc3 Bxc3 29. Qxc3 f5 30. Rd5 fxe4 31. Rxe4 O-O-O 32. Qf3 Rde8 33. Re6 Kc7
34. Qe3 Qd7 35. b4 cxb4 36. Qxa7+ Kc8 37. Qa8+ Kc7 38. Qa7+ Kc8 39. Qa6+ Kc7
40. Qa5+ Kc8 41. Qa8+ Kc7 42. Qa7+ Kc8 43. Qe3 Rxf4 44. Rexd6 Qb7 45. Rc6+ 1-0

[Event "COMMONWEALTH CHESS CHAMPIONSHI"]
[Site "Nagpur,India"]
[Date "2008.10.03"]
[Round "8.71"]
[White "Das, Sayantan"]
[Black "Atishay, Ajmera"]
[Result "1/2-1/2"]
[WhiteElo "2135"]
[BlackElo "1931"]
[PlyCount "72"]
[EventDate "2008.09.28"]

1. e4 e6 2. d4 d5 3. Nc3 dxe4 4. Nxe4 Nd7 5. Nf3 Ngf6 6. Bd3 c5 7. Qe2 Be7 8.
Nxf6+ Nxf6 9. O-O O-O 10. dxc5 Bxc5 11. Bg5 Be7 12. Rfd1 Qc7 13. c3 Bd7 14.
Bxf6 Bxf6 15. Bxh7+ Kxh7 16. Qd3+ Kg8 17. Qxd7 Qb6 18. Qd2 Rad8 19. Qe2 Rxd1+
20. Rxd1 Rd8 21. Re1 a5 22. Qc2 Qc6 23. Qe4 Qb5 24. Qc2 Qc6 25. h3 a4 26. Ne5
Qd5 27. Ng4 Bg5 28. b3 axb3 29. axb3 Qd3 30. Qb2 Qd2 31. Qxd2 Rxd2 32. g3 Rb2
33. Re5 Bd2 34. Rb5 Bxc3 35. Rxb7 f5 36. Ne3 Be1 1/2-1/2

[Event "COMMONWEALTH CHESS CHAMPIONSHI"]
[Site "Nagpur,India"]
[Date "2008.10.03"]
[Round "8.72"]
[White "Mithil, Ajgaonkar"]
[Black "Pendalwar, Pankaj"]
[Result "1/2-1/2"]
[WhiteElo "1930"]
[BlackElo "2115"]
[PlyCount "146"]
[EventDate "2008.09.28"]

1. d4 Nf6 2. Nf3 g6 3. Bf4 Bg7 4. e3 d5 5. Bd3 c5 6. c3 Qb6 7. Qc2 c4 8. Be2
Bf5 9. Qc1 Nc6 10. Nbd2 Nh5 11. Bg3 Nxg3 12. hxg3 Qc7 13. Nh4 Bd7 14. e4 e6 15.
Qc2 b5 16. Nhf3 Ne7 17. Nh2 Bc6 18. Bf3 a5 19. Nhf1 Qb7 20. Ne3 h5 21. g4 hxg4
22. Rxh8+ Bxh8 23. Nxg4 f5 24. exf5 gxf5 25. Ne3 O-O-O 26. Ke2 f4 27. Ng4 Nf5
28. Qb1 Bg7 29. Nh2 Rh8 30. Ndf1 Be8 31. Bg4 Bg6 32. Kd2 Qf7 33. Qe1 Kd7 34.
Nf3 b4 35. Ne5+ Bxe5 36. Qxe5 Re8 37. Qxf4 Qe7 38. Bxf5 Bxf5 39. Qe3 Qh7 40.
Ng3 Bb1 41. Nh5 Qc2+ 42. Ke1 Rh8 43. Nf6+ Kd8 44. Qe2 Ke7 45. Qxc2 Bxc2 46. Kd2
Bf5 47. g4 Kxf6 48. gxf5 Kxf5 49. Re1 Rh2 50. Ke3 Rh3+ 51. Kd2 Rd3+ 52. Kc2 Rf3
53. Re2 Rh3 54. Re5+ Kf6 55. Re2 Rh1 56. a3 b3+ 57. Kd2 Rb1 58. Ke3 Kf5 59. Kf3
Rc1 60. Re5+ Kf6 61. Re2 Rd1 62. Kf4 Rd3 63. f3 Rd1 64. Rf2 Rc1 65. Re2 Rh1 66.
Kg4 Rc1 67. Kf4 Rb1 68. Rf2 Rh1 69. Re2 Rh4+ 70. Kg3 Rh1 71. Kg4 Rc1 72. Kf4 a4
73. Rf2 Rd1 1/2-1/2

[Event "COMMONWEALTH CHESS CHAMPIONSHI"]
[Site "Nagpur,India"]
[Date "2008.10.03"]
[Round "8.73"]
[White "Satvik, M."]
[Black "Anurag, Mhamal"]
[Result "1/2-1/2"]
[WhiteElo "1891"]
[BlackElo "2113"]
[PlyCount "49"]
[EventDate "2008.09.28"]

1. d4 d5 2. c4 e6 3. Nc3 c6 4. e3 Bd6 5. Bd3 f5 6. Nge2 Nf6 7. f3 O-O 8. Qc2
Kh8 9. Bd2 dxc4 10. Bxc4 b5 11. Bd3 a5 12. O-O Ba6 13. Rac1 Ra7 14. e4 b4 15.
Na4 Bxd3 16. Qxd3 fxe4 17. fxe4 e5 18. d5 cxd5 19. exd5 Re7 20. Qb5 Rff7 21.
Ng3 Rb7 22. Qe2 Rfd7 23. Bg5 Bc7 24. Qc4 Rxd5 25. Qc6 1/2-1/2

[Event "COMMONWEALTH CHESS CHAMPIONSHI"]
[Site "Nagpur,India"]
[Date "2008.10.03"]
[Round "8.74"]
[White "Prince, Bajaj"]
[Black "Darpan, Inani"]
[Result "1-0"]
[WhiteElo "2111"]
[BlackElo "1925"]
[PlyCount "98"]
[EventDate "2008.09.28"]

1. e4 c5 2. Nf3 d6 3. d4 cxd4 4. Nxd4 Nf6 5. Nc3 Nc6 6. Bc4 Qb6 7. Ndb5 a6 8.
Be3 Qa5 9. Nd4 Ne5 10. Nb3 Qc7 11. Be2 Nc4 12. Bxc4 Qxc4 13. Qe2 Qxe2+ 14. Kxe2
b5 15. a3 Bb7 16. f3 Rc8 17. Rhd1 e6 18. Rd2 Be7 19. Rad1 O-O 20. Rxd6 Bxd6 21.
Rxd6 Rc6 22. Rd2 Rc7 23. Nc5 h6 24. b4 Ra8 25. Na2 Bc6 26. Nc1 a5 27. N1b3 a4
28. Nc1 Nd7 29. N1d3 Kh7 30. Bf4 Rca7 31. Ne5 Nxe5 32. Bxe5 Rc8 33. Rd6 Kg6 34.
c3 Kh7 35. Ke3 Kg6 36. Rd2 Raa8 37. Rd6 Ra7 38. Bd4 Raa8 39. Nd3 Be8 40. Bc5
Rd8 41. e5 Rxd6 42. exd6 f6 43. Bb6 Kf7 44. Nc5 Bc6 45. d7 Ke7 46. d8=Q+ Rxd8
47. Bxd8+ Kxd8 48. Nxe6+ Ke7 49. Nxg7 Bd5 1-0

[Event "COMMONWEALTH CHESS CHAMPIONSHI"]
[Site "Nagpur,India"]
[Date "2008.10.03"]
[Round "8.79"]
[White "Hetul, Shah"]
[Black "Dhar-Barua, Saheli"]
[Result "0-1"]
[WhiteElo "1815"]
[BlackElo "2180"]
[PlyCount "84"]
[EventDate "2008.09.28"]

1. c4 f5 2. Nc3 Nf6 3. g3 g6 4. Bg2 Bg7 5. d4 c6 6. Nf3 d6 7. O-O O-O 8. Re1
Ne4 9. Qc2 Nxc3 10. bxc3 e5 11. Ba3 e4 12. Nd2 Re8 13. e3 Be6 14. Rab1 Qc7 15.
Qb2 b6 16. f4 exf3 17. Bxf3 d5 18. cxd5 Bxd5 19. Bxd5+ cxd5 20. Qb3 Qf7 21. Nf3
Nc6 22. Bd6 Na5 23. Qc2 Nc4 24. Bf4 h6 25. h4 Na3 26. Qb3 Nxb1 27. Rxb1 Rac8
28. Be5 Bxe5 29. Nxe5 Rxe5 30. dxe5 Qe6 31. Rd1 Rc5 32. Rd4 Qxe5 33. Kf2 Kg7
34. a3 Kf6 35. c4 Qc7 36. cxd5 Rc2+ 37. Kf3 g5 38. d6 g4+ 39. Rxg4 fxg4+ 40.
Kxg4 Qd7+ 41. Kh5 Qf5+ 42. Kxh6 Qg6# 0-1

[Event "COMMONWEALTH CHESS CHAMPIONSHI"]
[Site "Nagpur,India"]
[Date "2008.10.03"]
[Round "8.80"]
[White "Antonio, Viani D'cunha"]
[Black "Anantharam, R U."]
[Result "1-0"]
[WhiteElo "2115"]
[BlackElo "1782"]
[PlyCount "83"]
[EventDate "2008.09.28"]

1. e4 c5 2. Nc3 Nc6 3. f4 g6 4. Nf3 Bg7 5. Bb5 Nd4 6. O-O a6 7. Bd3 d6 8. Nxd4
cxd4 9. Ne2 Nf6 10. Kh1 Nd7 11. c3 dxc3 12. dxc3 Qb6 13. a4 a5 14. Qe1 O-O 15.
Qh4 Nc5 16. Bc2 Be6 17. Nd4 Bc4 18. Rd1 e5 19. Nf3 Rad8 20. Re1 Rfe8 21. f5 d5
22. fxg6 fxg6 23. exd5 Bxd5 24. Ng5 h6 25. Ne4 Nxe4 26. Bxe4 g5 27. Qg4 Qe6 28.
Qe2 Bc4 29. Qh5 Rd7 30. Bf5 Qxf5 31. Qxe8+ Kh7 32. Be3 e4 33. Bd4 Bf7 34. Qxe4
Qxe4 35. Rxe4 Bxd4 36. Rxd4 Re7 37. Rad1 Be6 38. Re1 Rf7 39. Kg1 Bg4 40. Rf1
Kg6 41. Rd6+ Kh5 42. h3 {Black Resigns} 1-0

[Event "COMMONWEALTH CHESS CHAMPIONSHI"]
[Site "Nagpur,India"]
[Date "2008.10.03"]
[Round "8.81"]
[White "Nandhidhaa, P  V."]
[Black "Harini, S."]
[Result "1/2-1/2"]
[WhiteElo "1797"]
[BlackElo "2070"]
[PlyCount "101"]
[EventDate "2008.09.28"]

1. e4 c5 2. Nf3 d6 3. d4 cxd4 4. Nxd4 Nf6 5. Nc3 e6 6. Be3 Be7 7. f3 a6 8. Qd2
Nc6 9. g4 O-O 10. O-O-O Nxd4 11. Bxd4 b5 12. g5 Nd7 13. h4 Bb7 14. Kb1 b4 15.
Ne2 a5 16. Nc1 Rc8 17. Bh3 Qc7 18. h5 Ne5 19. Rhf1 a4 20. Nd3 b3 21. cxb3 axb3
22. Rc1 bxa2+ 23. Ka1 Qd7 24. Nxe5 dxe5 25. Bc3 Qb5 26. g6 Rcd8 27. Qg2 fxg6
28. Bxe6+ Kh8 29. hxg6 Bc8 30. Rh1 h6 31. Rxh6+ gxh6 32. g7+ Kh7 33. gxf8=Q
Rxf8 34. Bd5 Bg5 35. Rh1 Qd3 36. Bxe5 Rxf3 37. Qg1 Qb1+ 38. Qxb1 axb1=Q+ 39.
Kxb1 Ba6 40. Ka2 Kg6 41. Bd6 Rd3 42. Bc5 h5 43. Be6 h4 44. Bf5+ Kf6 45. Bb4
Bc4+ 46. Kb1 Rf3 47. Bc3+ Ke7 48. Rd1 Be6 49. Bxe6 Kxe6 50. Rh1 h3 51. Kc2
1/2-1/2

[Event "COMMONWEALTH CHESS CHAMPIONSHI"]
[Site "Nagpur,India"]
[Date "2008.10.03"]
[Round "8.82"]
[White "Mitali, Madhukar Patil"]
[Black "Shoumi, Mukerjee"]
[Result "1-0"]
[WhiteElo "2050"]
[BlackElo "1790"]
[PlyCount "101"]
[EventDate "2008.09.28"]

1. e4 c5 2. Nc3 Nc6 3. f4 g6 4. Nf3 Bg7 5. Bb5 Nd4 6. O-O a6 7. Bc4 e6 8. d3 d6
9. Nxd4 cxd4 10. Ne2 Ne7 11. Bb3 O-O 12. Kh1 b6 13. Qe1 Bb7 14. Qf2 Nc6 15. f5
exf5 16. exf5 Qf6 17. fxg6 Qxg6 18. Nf4 Qg4 19. h3 Qf5 20. Nd5 Qxf2 21. Rxf2 b5
22. Nb6 Rae8 23. Bf4 Ne5 24. Bxe5 Bxe5 25. Nd7 Re7 26. Nxf8 Kxf8 27. Re1 Rc7
28. Ref1 f6 29. Be6 Re7 30. Bg4 Kg7 31. Re2 Rc7 32. Bf3 Bc8 33. Be4 a5 34. g4
Kh8 35. Bd5 Kg7 36. Kg2 Rc5 37. Be4 Rc7 38. Ref2 b4 39. Ra1 Ra7 40. a3 bxa3 41.
Rxa3 Bd7 42. Bd5 h6 43. Rf1 Rc7 44. Rxa5 Rxc2+ 45. Rf2 Rc7 46. b4 Kf8 47. Rfa2
Ke7 48. b5 Rc1 49. b6 Rb1 50. b7 Rb6 51. Ra8 1-0